Elektronická identifikačná karta a jej využitie vo vybranom podnikateľskom subjekte bakalárska práca

Guardado en:
Detalles Bibliográficos
Autor principal: Bednarčíková, Diana, 1996-
Autor Corporativo: Fakulta podnikového manažmentu EU. Katedra informačného manažmentu
Otros Autores: Romanová, Anita, 1973-
Formato: Libro
Lenguaje:eslovaco
Publicado: Bratislava 2018
Etiquetas: Agregar Etiqueta
Sin Etiquetas, Sea el primero en etiquetar este registro!

MARC

LEADER 00000nbm a2200000 4500
001 0244891
005 20180921143509.2
041 0 |a slo 
044 |a SK 
245 1 0 |a Elektronická identifikačná karta a jej využitie vo vybranom podnikateľskom subjekte  |b bakalárska práca  |c Diana Bednarčíková ; školiteľ: Anita Romanová 
264 1 |a Bratislava  |c 2018 
300 |a 71 s. 
100 1 |a Bednarčíková, Diana, 1996- 
700 1 |a Romanová, Anita, 1973- 
710 2 |a Fakulta podnikového manažmentu EU. Katedra informačného manažmentu